| 000 | 00617nam a2200229Ia 4500 | ||
|---|---|---|---|
| 005 | 20250425162826.0 | ||
| 008 | 250425s9999 xx 000 0 und d | ||
| 020 | _a9780134092669 | ||
| 041 | _aeng | ||
| 082 |
_a005.3 _pBRY |
||
| 100 | _aBRYANT, RANDAL E. | ||
| 245 | 0 | _aCOMPUTER SYSTEMS: A PROGRAMMER'S PERSPECTIVE | |
| 250 | _a3A. ED. | ||
| 264 |
_aEstados Unidos, NEW YORK _bPEARSON _c2016. |
||
| 300 | _a1084 | ||
| 650 | _aCOMPUTADORAS | ||
| 650 | _aINTERFACES DE USUARIO (SISTEMAS INFORMATICOS) | ||
| 650 | _aTELECOMUNICACIONES | ||
| 700 | _aOHALLARON, DAVID R. | ||
| 942 | _c01 | ||
| 010 | _a110504 | ||
| 999 |
_c237198 _d237198 |
||